| 000 | 00377nam a2200157Ia 4500 | ||
|---|---|---|---|
| 999 |
_c9804 _d9804 |
||
| 003 | OSt | ||
| 005 | 20220303104039.0 | ||
| 008 | 220112s9999||||xx |||||||||||||| ||und|| | ||
| 020 | _a9789339219727 | ||
| 082 |
_a624.182 _bGAY |
||
| 100 | _aGaylord, Edwin H | ||
| 245 | 0 | _aDesign of steel structures | |
| 700 | _aGaylord, Charles N | ||
| 700 | _aStallmeyer, James E | ||
| 942 | _2ddc | ||